01328nam a22002057a 4500003001000000005001700010008004100027020002200068040002500090080001800115100003800133245017700171300002100348490002200369520057700391586005700968650002901025655003001054700003801084AR-RoUNCS20260218153334.0260218s2010 sp ||||r|||| 00| f spa d a978-84-15120-02-5 aAR-RoUNCScAR-RoUNCS 082-312.4(988)1 aAdler-Olsen, Jussi,d1950-eautor10aDepartamento Q :bla mujer que arañaba las paredes : el primer caso de Carl Mørck y su departamento especial Q /cJussi Adler-Olson ; traducción, Juan Mari Mendizabal. a415 p. ;c23 cm.0 aLetras nórdicas1 aLa misteriosa desaparición de Merete Lynggaard, una joven promesa de la política danesa, ocurrida en 2002, ya no parece interesarle a nadie. En su momento la policía de Copenhague no pudo encontrar ningún rastro de ella y el caso ha sido archivado. Sin embargo, cinco años después, el detective Carl Mørck,, jefe del Departamento Q, toma cartas en el asunto, pues su trabajo consiste, precisamente, en ocuparse de crímenes no resueltos. Una novela policiaca inquietante que quita la respiración y cuyos inesperados giros atraparán sin remedio al lector. aPremio Glass Key a la mejor novela policíaca 2010. 72embneaLiteratura danesa 72embneaNovelas policiales1 aMendizabal, Juan Mari,etraductor